Statistics for Geography Bowl #4 : U.S. States

Click here to take the quiz!

General Stats

  • This quiz has been taken 43 times
  • The average score is 7 of 10

Answer Stats

QuestionAnswer% Correct
What two states were famous for gold rushes?California and Alaska
100%
Which southern state is a peninsula?Florida
100%
In which state is the largest active volcano in the world?Hawaii
100%
Which state is considered the midpoint of continental United States?Kansas
100%
What was the Dutch name for New York before it was called New York?New Amsterdam
100%
In which state was the first atomic bomb tested?New Mexico
100%
Which state is nicknamed the "Empire State"?New York
100%
On which Hawaiian island do most Hawaiians live?Oahu
100%
Which state is known as the "Buckeye State"?Ohio
100%
What Pennsylvania city is nicknamed 'Steel City'?Pittsburgh
100%
What is the major crop of Idaho?Potatoes
100%
Which state is separated from Mexico by the Rio Grande?Texas
100%
Which state was the first to introduce rural free delivery?West Virginia
100%
Which state is divided in to parishes instead of counties?Louisiana
89%
What is the only state named for a president?Washington
83%
Which state was an Indian reservation until 1889?Oklahoma
80%
In which state was the first cotton gin built?Alabama
75%
Which state is famous for its production of peaches and peanuts?Georgia
75%
Which state is the home of Fort Knox?Kentucky
75%
In which state can the Atlantic City boardwalk be found?New Jersey
75%
In which state was the Battle of Gettysburg fought?Pennsylvania
75%
What two states form true rectangles?Wyoming and Colorado
67%
In which state is there a national monument called Craters of the Moon?Idaho
60%
Maryland and Virginia border on what bay?Chesapeake Bay
57%
In which state is the exact geographical center of North America?North Dakota
50%
In which state was the final spike of the transcontinental railroad driven?Utah
50%
In which state is Fort McHenry located?Maryland
33%
In which state was the first night baseball game played?Indiana
25%
In which state was the largest fossil of a mammal found?Nebraska
25%
Which colony was the first to declare independence from England?New Hampshire
25%

Score Distribution

Percentile by Number Answered

Percent of People with Each Score

Your Score History

You have not taken this quiz